| 000 | 00439nam a22001451 4500 | ||
|---|---|---|---|
| 082 |
_a620.0042 _bTUT _cL-5, P-66 |
||
| 100 | 1 |
_aTuttle, Stanley B. _940543 |
|
| 245 | 1 | 0 |
_aMechanisms for engineering design _c[by] S. B. Tuttle. |
| 260 |
_aNew York, _bWiley _c[1967] |
||
| 300 |
_aviii, 178 p. _billus. _c24 cm. |
||
| 526 |
_a0 _b0 _c0 _d620_004200000000000_TUT |
||
| 650 | 0 |
_aMCE _9379 |
|
| 650 | 0 |
_aMechanical movements. _935948 |
|
| 942 |
_2ddc _cBK |
||
| 999 |
_c544800 _d544800 |
||